ECOLOGIC-socioeconomic system analysis and simulation : a guide for application of system analysis to the conservation, utilization, and development of tropical and subtropical land resources in China

Bibliographic Details
Other Authors: Bruenig
Format: Book
Published: Hamburg : Institute for World Forestry and Ecology, Federal Research Centre for Forestry and Forest Products, , [1986?]
Series:MAB-Mitteilungen; v. 24
Subjects:

MARC

LEADER 00000cam a2200000 7i4500
001 0000002364
005 20030530.0
020 0 0 |a 3926301017 
090 0 0 |a 577.3   |b ECO (1986) 
245 0 0 |a ECOLOGIC-socioeconomic system analysis and simulation :   |b a guide for application of system analysis to the conservation, utilization, and development of tropical and subtropical land resources in China   |c E.F. Bruenig ... [et al.]; organized by German Foundation for International Development (DSE), Academia Sinica, and China MAB 
260 0 0 |a Hamburg :   |b Institute for World Forestry and Ecology, Federal Research Centre for Forestry and Forest Products, ,   |c [1986?] 
300 |a 388 p. :   |b ill. ;   |c 21 cm. 
440 0 0 |a MAB-Mitteilungen; v. 24 
500 0 0 |a Includes bibliographies 
650 0 0 |a Biotic communities   |z China   |x Congresses 
650 0 0 |a Electronic data processing   |z China   |x Congresses 
650 0 0 |a Forest ecology   |z China   |x Congresses 
650 0 0 |a Forests and forestry   |z China   |x Congresses 
650 0 0 |a Natural resources   |z China   |x Congresses 
700 0 1 |a Bruenig   |h E. F. 
998 |a JPSM 
999 |a 0000004130   |b Monograph   |c Open Shelf   |e Default branch